Catalog

Record Details

Catalog Search



Your best meeting ever : 7 principles for ... Read More

Hinds, Rebecca,(author.).

Available copies

  • 0 of 1 copy available at LARL/NWRL Consortium.
  • 0 of 1 copy available at Lake Agassiz Regional Library. (Show preferred library)

Current holds

0 current holds with 1 total copy.

Show Only Available Copies
Location Call Number / Copy Notes Barcode Shelving Location Status Due Date
Moorhead Public Library 658.456 HIN (Text) 33500014357982 New Checked out 05/26/2026

Record details

  • ISBN: 9781668067482
  • ISBN: 166806748X
  • Physical Description: viii, 280 pages ; 22 cm
  • Edition: First Simon Acumen hardcover edition.
  • Publisher: New York : Simon Acumen, 2026.

Content descriptions

Bibliography, etc. Note:
Includes bibliographical references (pages ... Read More
Formatted Contents Note:
Introduction: how meetings turned into weapons of ... Read More
Summary, etc.:
"From Rebecca Hinds, PhD-organizational expert who ... Read More
Subject: Business meetings.
Business communication.
BUSINESS & ECONOMICS / Business Communication / Meetings & Presentations.
BUSINESS & ECONOMICS / Decision-Making & Problem Solving.
BUSINESS & ECONOMICS / Organizational Behavior.
LDR 04814cam a2200553 i 4500
001482844
003LARL_NWRL_CONSORTIUM
00520260406153730.0
008251208t20262026nyu b 001 0 eng
007ta
010 . ‡a 2025037478
040 . ‡aDLC ‡beng ‡erda ‡cDLC ‡dOCLCO ‡dNTG ‡dBAB ‡dJAS ‡dYDX ‡dGL4 ‡dSDD
020 . ‡a9781668067482 ‡qhardcover
020 . ‡a166806748X ‡qhardcover
020 . ‡z9781668067505 ‡qelectronic book
035 . ‡a(OCoLC)1523195113
042 . ‡apcc
08204. ‡a658.4/56 ‡223
1001 . ‡aHinds, Rebecca, ‡eauthor.
24510. ‡aYour best meeting ever : ‡b7 principles for designing meetings that get things done / ‡cRebecca Hinds, PhD.
250 . ‡aFirst Simon Acumen hardcover edition.
264 1. ‡aNew York : ‡bSimon Acumen, ‡c2026.
264 4. ‡c©2026
300 . ‡aviii, 280 pages ; ‡c22 cm
334 . ‡asingle unit ‡bmono ‡0http://id.loc.gov/vocabulary/issuance/mono
336 . ‡atext ‡btxt ‡2rdacontent ‡0http://id.loc.gov/vocabulary/contentTypes/txt
337 . ‡aunmediated ‡bn ‡2rdamedia ‡0http://id.loc.gov/vocabulary/mediaTypes/n
338 . ‡avolume ‡bnc ‡2rdacarrier ‡0http://id.loc.gov/vocabulary/carriers/nc
353 . ‡abibliography ‡bbibliography ‡0http://id.loc.gov/vocabulary/msupplcont/bibliography
353 . ‡aindex ‡bindex ‡0http://id.loc.gov/vocabulary/msupplcont/index
520 . ‡a"From Rebecca Hinds, PhD-organizational expert who has helped Fortune 500 companies fix their fractured collaboration-comes a bold, battle-tested blueprint for tackling the workplace's biggest time-wasters: meetings. Meetings are broken. They are relics from a bygone era of top-down hierarchies and factory-like procedures-designed to issue orders, flaunt power, and keep the hierarchy intact. In today's digital, collaborate-or-bust era, this model isn't just inefficient, it actively harms employees and organizations. Drawing on decades of research and stories from leading companies like Google, Salesforce, Pixar, YouTube, and Dropbox, Your Best Meeting Ever provides a blueprint to transform your meetings from monotonous, soul-crushing time sinks into powerful tools for collaboration. The secret? Treat them like products. Using seven product design principles, you'll turn your meetings into well-designed products that actually drive work forward and serve your most important users-the people in your organization. You'll learn: - Why every organization needs a "Meeting Doomsday" to reset collaboration, and how to strategically orchestrate one at your company. - How to fix your communication system so meetings are a last resort, not a knee-jerk default. - Which meeting metrics matter-and which do more harm than good. - How to inject moments of delight into your meetings so people genuinely want to show up. - When to integrate technology into your meetings so you enhance collaboration, rather detract from it. More than just a practical guide, Your Best Meeting Ever is a rallying call to rethink how we collaborate in the modern workplace. Whether you're a leader or an individual contributor, this powerful book will nudge you to be audacious-to challenge the existing norms and embrace new paradigms-so you'll never dread another meeting again"-- Provided by publisher.
504 . ‡aIncludes bibliographical references (pages 241-269) and index.
5050 . ‡aIntroduction: how meetings turned into weapons of mass dysfunction -- Principle 1: meeting volume -- cut your meeting debt -- Principle 2: measurement -- choose the right metrics -- Principle 3: structure -- become a meeting minimalist -- Principle 4: flow -- apply systems thinking -- Principle 5: engagement -- prioritize user-centric design -- Principle 6: timing -- get your meetings in rhythm -- Principle 7: technology -- innovate and iterate -- Conclusion: design your meetings like a product -- or pay the price.
650 0. ‡aBusiness meetings. ‡0(LARL_NWRL_CONSORTIUM)40172
650 0. ‡aBusiness communication. ‡0(LARL_NWRL_CONSORTIUM)36080
650 7. ‡aBUSINESS & ECONOMICS / Business Communication / Meetings & Presentations. ‡2bisacsh
650 7. ‡aBUSINESS & ECONOMICS / Decision-Making & Problem Solving. ‡2bisacsh
650 7. ‡aBUSINESS & ECONOMICS / Organizational Behavior. ‡2bisacsh
758 . ‡1http://id.loc.gov/resources/instances/in00024360872
758 . ‡4http://id.loc.gov/ontologies/bibframe/instanceOf ‡1http://id.loc.gov/resources/works/in00024360872
884 . ‡aDLC bibframe2marc v3.1-dev ‡g20251208 ‡qDLC ‡uhttps://github.com/lcnetdev/bibframe2marc/tree/v3.1-dev
905 . ‡uvanderl
901 . ‡a482844 ‡bAUTOGEN ‡c482844 ‡tbiblio ‡soclc

Additional Resources